00457 2200169 4500001002100000008004100021035002000062245009100082100001700173250000600190260003200196300001200228084001400240082000800254650001300262990001200275INLIS000000000000813 ind  a0010-0524000048 aMenguak Fakta Sejarah Penemuan Sains & Teknologi Islam Yang Diklaim BaratcAbdul Wahid aWahid, Abdul a1 aYogyakarta :bLaksanac2014 a206 hlm a200 ABD m a200 aNonFiksi a0740661